00528 2200205 4500001002100000005001500021035002000036008004100056245007000097100002000167250000600187260004600193300001100239084001400250082000800264650001400272990001200286990001200298990001200310INLIS00000000000028320240503073421 a0010-0424000259240503 0 ind 1 aPemuda & Kelautan : Pariwisata Bahari Nusantara /cAdhyaksa Dault aDault, Adhyaksa a1 aYogyakarta :bPT. Citra Aji Parama,c2015 a56 hlm a900 ADH p a900 4aNon Fiksi a0728841 a0728842 a0728843